Statistics for Biggest islands in Croatia

Click here to take the quiz!

General Stats

  • This quiz has been taken 1,433 times
  • The average score is 12 of 20

Answer Stats

HintAnswer% Correct
405,7Krk
95%
405,7Cres
89%
297.3Hvar
89%
395.4Brac
86%
284,1Pag
81%
271.4Korcula
79%
89.7Vis
73%
86,1Rab
69%
98,0Mljet
66%
113.3Dugi otok
64%
74,3Losinj
63%
40,8Lastovo
53%
58,1Solta
49%
32,4Kornati
46%
51,0Ugljan
44%
60,1Pasman
41%
22,0Vir
35%
28,1Ciovo
28%
26,1Olib
20%
22,1Molat
16%

Score Distribution

Percentile by Number Answered

Percent of People with Each Score

Your Score History

You have not taken this quiz